000 00685nam a2200241Ia 4500
003 OSt
005 20220923222909.0
006 a|||||r|||| 00| 0
007 ta
008 220922b |||||||| |||| 00| 0 hin d
024 _a208,720
037 _cTextual
040 _aARTS
_cARTS
_bhin
041 _2hin
_ahin
082 _aO152,3N456x, N3
100 _aशामा
245 0 _aचिनारों की आग
246 _aChināroan kī āga
260 _aदिल्ली
_b अभिव्यंजना प्रका0
_c1993
300 _a132पृ.
_ccm.
942 _hO152,3N456x, N3
_cTEXL
_2CC
999 _c359307
_d359307